000 00613nam a2200205Ia 4500
005 20260429112230.0
008 260429s9999||||xx |||||||||||||| ||und||
020 _a9781108949538
041 _aEnglish
082 _a510
_bSRI
100 _aSrivastava, Ashish K.
245 0 _aInvariance of modules under automorphisms of their envelopes and covers /
_cAshish K. Srivastava
260 _aCambridge :
_bCambridge University Press,
_c2021.
300 _aix, 223 p.; pbk
650 _a Invariance
650 _aMathematics
700 _a Guil Asensio, Pedro A.
700 _a Tuganbaev, Askar
942 _cTB
999 _c53029
_d53029